• 首页
  • 本馆介绍
  • 公告通知
  • 最新文献
  • 馆藏检索
  • 电子资源
  • 读者导购
  • 参考咨询
  • 我的图书馆
  • 登录
  • 详细信息显示
  • 放入我的书架
  • 预约/预借图书
  • 作者相关作品
  • 分类相关作品
  • 丛书相关作品
  • 出版社相关作品

书目信息

  • 表格格式
  • 工作单格式
  • 卡片格式
题名:
国家教师资格考试辅导教材
    
 
作者: ;中公教育教师资格考试研究院 编著
分册:   面试教程
出版信息: 北京   世界图书出版有限公司北京分公司  2021.11
页数: 242页
开本: 26cm
丛书名:
单 册:
中图分类: G451.1 , G633.552
科图分类:
主题词: 教师--资格考试--教材 , 中学地理课--教学法--中学教师--资格考试--自学参考资料
电子资源:
ISBN: 978-7-5192-9092-4
000 01115nam0 2200265 450
001 012001002506
005 20141203153952.0
010    @a978-7-5192-9092-4@dCNY55.00
100    @a20220905d2021 em y0chiy50 ea
101 0  @achi
102    @aCN@b110000
105    @aa z 000yy
106    @ar
200 1  @a国家教师资格考试辅导教材@Aguo jia jiao shi zi ge kao shi fu dao jiao cai@i面试教程@i化学@f中公教育教师资格考试研究院编著
210    @a北京@c世界图书出版有限公司北京分公司@d2021.11
215    @a242页@c图@d26cm
300    @a2022版 适用于全国统考省(自治区、直辖市) 国家教师资格考试笔试、面试备考用书 面试系列
330    @a本书分为教师资格面试纵览、“回答规定问题”探究、备课、试讲、答辩、模拟练习六章,具体内容包括:面试的含义及趋势、面试流程详解、面试测评要素及评分标准等。
606 0  @a教师@x资格考试@j教材
606 0  @a中学地理课@x教学法@x中学教师@x资格考试@j自学参考资料
690    @aG451.1@v5
690    @aG633.552@v5
711 02 @a中公教育教师资格考试研究院@Azhong gong jiao yu jiao shi zi ge kao shi yan jiu yuan@4编著
801  0 @aCN@bAHXH@c20221111
905    @b1376853-7@dG451.1@e568@f5
    
    国家教师资格考试辅导教材.面试教程.化学/中公教育教师资格考试研究院编著.-北京:世界图书出版有限公司北京分公司,2021.11
    242页:图;26cm
    2022版 适用于全国统考省(自治区、直辖市) 国家教师资格考试笔试、面试备考用书 面试系列
    
    ISBN 978-7-5192-9092-4:CNY55.00
    本书分为教师资格面试纵览、“回答规定问题”探究、备课、试讲、答辩、模拟练习六章,具体内容包括:面试的含义及趋势、面试流程详解、面试测评要素及评分标准等。
●
相关链接 在E读中查询图书 在五车中查询图书 在当当中查询图书 在豆瓣中查询图书


正题名:国家教师资格考试辅导教材     索取号:G451.1/568         预约/预借

序号 登录号 条形码 馆藏地/架位号 状态 备注
1 1376853   213768537   第一样本阅览室/ [索取号:G451.1/568] 在馆    
2 1376854   213768546   教育系资料室/ [索取号:G451.1/568] 在馆    
3 1376855   213768555   教育系资料室/ [索取号:G451.1/568] 在馆    
4 1376856   213768564   第四借阅区/ [索取号:G451.1/568] 在馆    
5 1376857   213768573   第四借阅区/ [索取号:G451.1/568] 在馆    
唐山师范学院图书馆 欢迎您!
大连网信软件有限公司© 版权所有